Snooker The Masters Winners - Statistics

General Stats
  • This quiz has been taken 29 times
  • The average score is 41 of 52
Answer Stats
Year Country Winner % Correct
2024 England Ronnie O'Sullivan
100%
2017 England Ronnie O'Sullivan
100%
2016 England Ronnie O'Sullivan
100%
2014 England Ronnie O'Sullivan
100%
2009 England Ronnie O'Sullivan
100%
2007 England Ronnie O'Sullivan
100%
2005 England Ronnie O'Sullivan
100%
1995 England Ronnie O'Sullivan
100%
1981 Northern Ireland Alex Higgins
89%
1978 Northern Ireland Alex Higgins
89%
2006 Scotland John Higgins
89%
1999 Scotland John Higgins
89%
2023 England Judd Trump
89%
2019 England Judd Trump
89%
2022 Australia Neil Robertson
89%
2012 Australia Neil Robertson
89%
1997 England Steve Davis
89%
1988 England Steve Davis
89%
1982 England Steve Davis
89%
2003 Wales Mark Williams
85%
1998 Wales Mark Williams
85%
1996 Scotland Stephen Hendry
85%
1993 Scotland Stephen Hendry
85%
1992 Scotland Stephen Hendry
85%
1991 Scotland Stephen Hendry
85%
1990 Scotland Stephen Hendry
85%
1989 Scotland Stephen Hendry
85%
2026 England Kyren Wilson
81%
2025 England Shaun Murphy
81%
2015 England Shaun Murphy
81%
1987 Northern Ireland Dennis Taylor
74%
2018 Northern Ireland Mark Allen
74%
2013 England Mark Selby
74%
2010 England Mark Selby
74%
2008 England Mark Selby
74%
2000 Wales Matthew Stevens
74%
1986 Canada Cliff Thorburn
70%
1985 Canada Cliff Thorburn
70%
1983 Canada Cliff Thorburn
70%
1976 Wales Ray Reardon
67%
2020 England Stuart Bingham
67%
1980 Wales Terry Griffiths
67%
2011 China Ding Junhui
63%
2004 England Paul Hunter
63%
2002 England Paul Hunter
63%
2001 England Paul Hunter
63%
1984 England Jimmy White
59%
1994 Scotland Alan McManus
56%
1975 England John Spencer
56%
1977 Wales Doug Mountjoy
37%
2021 China Yan Bingtao
37%
1979 South Africa Perrie Mans
33%
No matching quizzes found
Score Distribution
Percent of People with Each Score
Percentile by Number Answered
Your Score History
You have not taken this quiz